Psycho/diagnostika dospelých Učebnica pre filozofické fakulty
Salvato in:
| Autore principale: | |
|---|---|
| Natura: | Libro |
| Lingua: | slovacco |
| Pubblicazione: |
Martin
Osveta
1992
|
| Edizione: | 1. vyd. |
| Serie: | Vysokoškolské učebnice
|
| Soggetti: | |
| Tags: |
Nessun Tag, puoi essere il primo ad aggiungerne!!
|
MARC
| LEADER | 00000nam a2200000 4500 | ||
|---|---|---|---|
| 001 | c000981 | ||
| 005 | 20221214090458.8 | ||
| 020 | |a 80-217-0357-1 | ||
| 041 | 0 | |a slo | |
| 044 | |a SK | ||
| 245 | 1 | 0 | |a Psycho/diagnostika dospelých |b Učebnica pre filozofické fakulty |c Ondrej Kondáš a kol. |
| 250 | |a 1. vyd. | ||
| 264 | 1 | |a Martin |b Osveta |c 1992 | |
| 300 | |a 238 s. | ||
| 490 | 1 | |a Vysokoškolské učebnice | |
| 830 | 0 | |a Vysokoškolské učebnice | |
| 610 | 2 | 0 | |a psychológia |
| 610 | 2 | 0 | |a diagnostikácia |
| 610 | 2 | 0 | |a metodológia |
| 610 | 2 | 0 | |a skupiny vekové |
| 100 | 1 | |a Kondáš, Ondrej | |